000 00904nam a2200253Ia 4500
003 OSt
005 20221005103651.0
006 a|||||r|||| 00| 0
007 ta
008 221004b |||||||| |||| 00| 0 hin d
024 _a14382
037 _cTextual
040 _aCRL
_cCRL
_bhin
041 _2hin
_ahin
082 _aV2:51M57, 152P8
100 _aकर्मेन्दु शिशिर
245 0 _a1857 की राजक्रांति
_b विचार और विश्लेषण
246 _a1857 kī rājakrāanti: vichār aur vishleṣhaṇa
260 _aदिल्ली
_bअनामिका पब्लिशर्स भारत
_c2008
300 _a220पृ0
_ccm.
650 _aविश्व-इतिहास
942 _hV2:51M57, 152P8
_cTEXL
_2cc
999 _c1010563
_d1010563